All My Singing Monsters - Statistics

General Stats
  • This quiz has been taken 158 times
    10 since last reset
  • The average score is 90 of 235
Answer Stats
Element Monster Islands Monster Type Type % Correct
Earth Noggin Plant, Air, Water, Earth, Gold, Tribal, Haven, Faerie, Bone, Colossingum, Composer Natural Percussion
100%
Earth, Cold Drumpler Plant, Air, Earth, Gold, Tribal, Faerie, Colossingum, Composer Natural Percussion
83%
Earth, Water Fwog Plant, Air, Water, Gold, Tribal, Bone, Colossingum, Composer Natural Vocal
83%
Cold Mammott Plant, Cold, Air, Earth, Gold, Tribal, Shugabush, Oasis, Light, Faerie, Colossingum, Composer Natural Vocal
83%
Cold, Water Maw Plant, Cold, Air, Gold, Tribal, Oasis, Colossingum, Composer Natural Vocal
83%
Plant, Water Oaktopus Plant, Cold, Water, Gold, Tribal, Shugabush, Psychic, Colossingum, Composer Natural Vocal
83%
Plant Potbelly Plant, Cold, Water, Earth, Gold, Tribal, Shugabush, Haven, Light, Psychic, Colossingum, Composer Natural Vocal
83%
Water Toe Jammer Plant, Cold, Air, Water, Gold, Tribal, Oasis, Psychic, Bone, Colossingum, Composer Natural Vocal
83%
Legendary bbli$zard Cold Legendary Vocal
67%
Dipster Do Plant, Cold, Air, Water, Earth, Haven, Oasis, Light, Psychic, Faerie, Bone, Ethereal, Sanctum Dipsters Vocal
67%
Electric Epic Wubbox Plant, Cold, Air, Water, Earth, Haven, Oasis, Gold, Ethereal Supernatural Percussion, Vocal, Instrumental
67%
Dipster Fa Plant, Cold, Air, Water, Earth, Haven, Oasis, Light, Psychic, Faerie, Bone, Ethereal, Sanctum Dipsters Vocal
67%
Plant, Cold Furcorn Plant, Cold, Earth, Gold, Tribal, Shugabush, Light, Colossingum, Composer Natural Vocal
67%
Mythical G'joob Plant, Mythical Mythical Instrumental
67%
Mythical Hyehehe Earth, Mythical Mythical Instrumental, Vocal
67%
Dipster La Plant, Cold, Air, Water, Earth, Haven, Oasis, Light, Psychic, Faerie, Bone, Ethereal, Sanctum Dipsters Vocal
67%
Dipster Mi Plant, Cold, Air, Water, Earth, Haven, Oasis, Light, Psychic, Faerie, Bone, Ethereal, Sanctum Dipsters Vocal
67%
Earth, Plant, Water Pummel Plant, Water, Gold, Tribal, Colossingum, Composer Natural Percussion
67%
Spooktacle Punkleton Plant, Gold, Shanty, Colossingum Seasonal Vocal
67%
Air, Cold, Earth, Plant Quarrister Earth, Gold, Tribal, Colossingum, Composer Natural Vocal
67%
Air, Water Quibble Cold, Air, Water, Gold, Tribal, Shugabush, Oasis, Colossingum, Composer Natural Percussion
67%
Electric Rare Wubbox Plant, Cold, Air, Water, Earth, Haven, Oasis, Gold, Ethereal, Wublin Supernatural Vocal
67%
Dipster Re Plant, Cold, Air, Water, Earth, Haven, Oasis, Light, Psychic, Faerie, Bone, Ethereal, Sanctum Dipsters Vocal
67%
Air, Earth, Cold, Water Riff Air, Gold, Tribal, Shugabush, Colossingum, Composer Natural Instrumental
67%
Air, Plant, Water, Earth Shellbeat Water, Gold, Tribal, Shugabush, Colossingum, Composer Natural Percussion
67%
Plant, Earth Shrubb Plant, Water, Earth, Gold, Tribal, Haven, Colossingum, Composer Natural Perrcussion/Vocal
67%
Dipster Sol Plant, Cold, Air, Water, Earth, Haven, Oasis, Light, Psychic, Faerie, Bone, Ethereal, Sanctum Dipsters Vocal
67%
Dipster Ti Plant, Cold, Air, Water, Earth, Haven, Oasis, Light, Psychic, Faerie, Bone, Ethereal, Sanctum Dipsters Vocal
67%
Earth, Cold, Water T-Rox Plant, Air, Gold, Tribal, Colossingum, Composer Natural Percussion
67%
Air Tweedle Cold, Air, Water, Earth, Gold, Tribal, Haven, Oasis, Colossingum, Composer Natural Vocal
67%
Electric Wubbox Plant, Cold, Air, Water, Earth, Haven, Oasis, Gold, Ethereal, Wublin Supernatural Percussion
67%
Festival of Yay Yool Cold, Gold, Shanty, Colossingum Seasonal Vocal, Percussion
67%
Mythical Anglow Water, Mythical Mythical Instrumental
50%
Fire, Air, Plant Barrb Haven, Amber Fire Vocal
50%
Eggs-travaganza Blabbit Water, Gold, Shanty, Colossingum Seasonal Vocal
50%
Shadow, Crystal Boodoo Ethereal, Shadow, Colossingum Ethereal Percussion
50%
Fire, Cold Boskus Oasis, Faerie, Light, Amber Fire Vocal
50%
Cold, Plant, Water Bowgart Plant, Cold, Gold, Tribal, Colossingum, Composer Natural Instrumental
50%
Mythical Cherubble Oasis, Mythical Mythical Instrumental
50%
Bone Clackula Bone, Sanctum, Nexus Magical Percussion
50%
Earth, Plant, Cold Clamble Plant, Earth, Gold, Tribal, Colossingum, Composer Natural Percussion
50%
Air, Water Cold Congle Cold, Air, Gold, Tribal, Oasis, Colossingum, Composer Natural Percussion
50%
Air, Earth Cybop Air, Water, Earth, Gold, Tribal, Haven, Colossingum, Composer Natural Vocal
50%
Air, Plant Dandidoo Cold, Water, Earth, Gold, Tribal, Haven, Colossingum, Composer Natural Vocal
50%
Air, Plant, Cold, Water Deedge Cold, Gold, Tribal, Shugabush, Colossingum, Composer Natural Percussion
50%
Mech, Poison Dragong Ethereal, Mech, Colossingum Ethereal Percussion
50%
Earth, Cold, Water, Plant Entbrat Plant, Gold, Tribal, Colossingum, Composer Natural Vocal
50%
Fire, Air, Earth Floogull Haven, Amber Fire Instrumental
50%
Faerie Floot Fly Faerie, Sanctum, Nexus Magical Instrumental
50%
Light Flouress Light, Sanctum, Nexus Magical Instrumental, Vocal
50%
Fire, Plant Flowah Haven, Light, Psychic, Amber Fire Vocal
50%
Psychic, Light, Faerie G'Day Sanctum Magical Instrumental
50%
Plasma Ghazt Plant, Ethereal, Plasma, Colossingum Ethereal Instrumental
50%
Fire, Air Glowl Haven, Oasis, Amber Fire Vocal
50%
Shadow Grumpyre Cold, Ethereal, Shadow, Colossingum Ethereal Vocal
50%
Summersong Hoola Air, Earth, Gold, Shanty, Colossingum Seasonal Vocal
50%
Poison Humbug Earth, Ethereal, Colossingum Ethereal Instrumental
50%
Crystal Jeeode Water, Ethereal, Colossingum Ethereal Instrumental
50%
Fire Kayna Tribal, Haven, Oasis, Light, Psychic, Faerie, Bone, Amber Fire Vocal
50%
Plant, Cold, Air, Water, Earth Mimic Oasis Natural Vocal
50%
Plasma, Mech Nebulob Ethereal, Plasma, Mech, Colossingum Ethereal Vocal
50%
Shadow, Mech Crystal Nitebear Workshop, Shadow, Mech Ethereal Vocal
50%
Air, Cold Pango Cold, Air, Earth, Gold, Tribal, Oasis, Colossingum, Composer Natural Percussion
50%
Fire, Water Phangler Oasis, Psychic, Bone, Amber Fire Vocal
50%
Air, Earth, Cold Pompom Air, Earth, Gold, Tribal, Shugabush, Colossingum, Composer Natural Vocal
50%
Mech Reebro Air, Ethereal, Mech, Colossingum Ethereal Percussion
50%
Air, Plant, Earth Reedling Water, Earth, Gold, Tribal, Haven, Colossingum, Composer Natural Instrumental
50%
Fire, Plant, Water Rootitoot Psychic, Amber Fire Instrumental
50%
Electric Screemu Wublin Supernatural Vocal
50%
Air, Earth, Water Scups Air, Water, Gold, Tribal, Colossingum, Composer Natural Percussion
50%
Legendary Shugabass Shugabush Shugafam Insrumental
50%
Legendary Shugabeats Shugabush Shugafam Percussion
50%
Legendary Shugabush Plant, Gold, Shugabush Shugafam Instrumental, Vocal
50%
Legendary Shugabuzz Shugabush Shugafam Instrumental
50%
Legendary Shugajo Shugabush Shugafam Instrumental
50%
Legendary Shugavox Shugabush Shugafam Vocal
50%
Legendary Shugitar Shugabush Shugafam Instrumental
50%
Air, Plant, Water Spunge Cold, Water, Gold, Tribal, Colossingum, Composer Natural Instrumental
50%
Fire, Earth Stogg Haven, Faerie, Bone, Amber Fire Instrumental
50%
Legendary Tawkerr Plant, Cold, Earth Werdo Vocal
50%
Psychic Theremind Psychic, Sanctum, Nexus Magical Vocal
50%
Air, Cold, Plant Thumpies Cold, Earth, Gold, Tribal, Colossingum, Composer Natural Percussion
50%
Faerie, Fire Wimmzies Faerie, Nexus Magical Vocal
50%
Fire, Air, Water Wynq Oasis, Amber Fire Vocal
50%
Mythical Yawstrich Air, Mythical Mythical Vocal
50%
Shadow, Mech Arackulele Ethereal, Shadow, Mech, Colossingum Ethereal Instrumental
33%
Plasma, Mech, Poison Auglur Workshop, Plasma, Mech Ethereal Instrumental
33%
Bone, Water, Fire Banjaw Bone, Nexus Magical Instrumental
33%
Mech, Crystal Bellowfish Ethereal, Mech, Colossingum Ethereal Instrumental
33%
Plasma, Shadow, Poison Blarret Workshop, Plasma, Shadow Ethereal Vocal
33%
Dream, Mythical Bleatnik Mythical Dreamythical Vocal
33%
Light, Plant, Fire, Cold Blow't Light, Nexus Magical Instrumental
33%
Electric Bona-Petite Wublin Supernatural Percussion
33%
Psychic, Plant Bonkers Psychic, Nexus Magical Percussion
33%
Mindboggle Boo'qwurm Shanty, Psychic (Aux.) Seasonal Percussion
33%
Faerie, Fire, Earth Bridg-it Faerie, Nexus Magical Instrumental
33%
Electric Brump Wublin Supernatural Vocal
33%
Light, Cold Bulbo Light, Nexus Magical Percussion
33%
Mythical Buzzinga Haven, Mythical Mythical Instrumental
33%
Faerie, Cold, Earth Cantorell Faerie, Nexus Magical Vocal
33%
Crescendo Moon Carillong Shanty, Sanctum (Aux.) Seasonal Instrumental
33%
Beat Hereafter Clavavera Bone, Shanty (Aux.) Seasonal Percussion
33%
Faerie, Fire, Cold Clavi-gnat Faerie, Nexus Magical Instrumental
33%
Dream, Mythical Cranchee Mythical Dreamythical Vocal
33%
Electric Creepuscule Wublin Supernatural Percussion
33%
Titansoul Cruv'laaphtian Crocus Psychic Titansoul Percussion
33%
Bone, Water Denchuhs Bone, Nexus Magical Vocal
33%
Electric Dermit Wublin Supernatural Vocal
33%
Cloverspell Ffidyll Shanty, Faerie (Aux.) Seasonal Instrumental
33%
Light, Fire, Cold Fiddlement Light, Nexus Magical Instrumental
33%
Plasma, Crystal, Poison Flasque Workshop, Plasma Ethereal Percussion
33%
Crystal, Poison Fung Pray Ethereal, Colossingum Ethereal Instrumental
33%
Plasma, Mech, Crystal Gaddzooks Workshop, Mech Ethereal Percussion
33%
Psychic, Fire, Water, Plant Gloptic Psychic, Nexus Magical Instrumental
33%
Cold, Earth, Plant, Water, Fire Gnarls Bone, Amber Fire Vocal
33%
Light, Plant Gob Light, Nexus Magical Instrumental
33%
Feastember Gobbleygourd Haven, Oasis, Shanty Seasonal Vocal
33%
Control Harrionette Psychic, Carnival Parinormal Vocal
33%
Bone, Fire Hawlo Bone, Nexus Magical Percussion
33%
Faerie, Earth Hippityhop Faerie, Nexus Magical Vocal
33%
Water, Plant, Cold, Fire Incisaur Bone, Amber Fire Instrumental
33%
Anniversary Month Jam Boree Gold, Shanty (Aux.) Seasonal Vocal
33%
Plasma, Poison Jellbilly Ethereal, Plasma, Colossingum Ethereal Vocal
33%
Shadow, Poison Kazilleon Ethereal, Shadow, Colossingum Ethereal Vocal
33%
Legendary Maggpi Cold, Water Werdo Vocal
33%
Plasma, Shadow, Crystal Meebkin Workshop, Plasma, Shadow Ethereal Instrumental
33%
Life-Formula Monculus Shanty, Ethereal, Wublin (Aux.) Seasonal Vocal
33%
Legendary "Mysterious Werdo" Haven Werdo Vocal
33%
Hoax Owlesque Faerie, Carnival Paranomal Instrumental
33%
Legendary Parlsona Plant, Air, Water Werdo Vocal
33%
Bone, Earth Peckidna Bone, Nexus Magical Vocal, Instrumental
33%
Plasma, Shadow, Crystal, Poison Pentumbra Workshop, Shadow Ethereal Vocal
33%
Psychic, Water, Fire Periscorp Psychic, Nexus Magical Percussion
33%
Titansoul Phosphoran Phlox Light Titansoul Instrumental
33%
Dream, Mythical Pinghound Mythical Dreamythical Instrumental
33%
Shadow, Mech, Poison Piplash Workshop, Shadow, Mech Ethereal Instrumental
33%
Faerie, Fire, Cold, Earth Pladdie Faerie, Nexus Magical Instrumental
33%
Bone, Fire, Water, Earth Plinkajou Bone, Nexus Magical Instrumental
33%
Light, Fire Pluckbill Light, Nexus Magical Percussion
33%
Electric Poewk Wublin Supernatural Instrumental
33%
Cold, Plant, Earth, Fire Pongping Faerie, Amber Fire Percussion
33%
Psychic, Water Poppette Psychic, Nexus Magical Percussion
33%
Fire, Plant, Earth Repatillo Haven, Amber Fire Percussion
33%
Psychic, Fire, Plant Rooba Psychic, Nexus Magical Instrumental
33%
Control, Hoax Scallyrags Carnival Paranormal Vocal
33%
Season of Love Schmoochle Air, Gold, Shanty, Colossingum Seasonal Vocal
33%
Depths Shhimmer Light, Carnival Paranomal Percussion
33%
Dream, Mythical ShLep Mythical Dreamythical Percussion
33%
Legendary Shugarock Shugabush Shugafam Instrumental
33%
Fire, Cold, Water, Air Sneyser Oasis, Amber Fire Instrumental
33%
Fire, Cold, Plant Soosa Light, Amber Fire Instrumental
33%
Plasma, Crystal Sox Ethereal, Plasma, Colossingum Ethereal Instrumental
33%
Dream, Mythical Sporerow Mythical Dreamythical Percussion
33%
Perplexpore Spurrit Shanty, Oasis (Aux.) Seasonal Vocal
33%
Light, Plant, Cold Spytrap Light, Nexus Magical Instrumental
33%
Faerie, Cold Squot Faerie, Nexus Magical Percussion
33%
Legendary Stoowarb Air, Earth Werdo Vocal
33%
Mythical Strombonin Cold, Mythical Mythical Instrumental
33%
Psychic, Plant, Water Tapricorn Psychic, Nexus Magical Percussion
33%
Mech, Crystal, Poison Teeter Totter Workshop, Mech Ethereal Vocal
33%
Fire, Water, Earth Thrumble Bone, Amber Fire Vocal
33%
Light, Fire, Plant Tootoo Light, Nexus Magical Instrumental
33%
Fire, Air, Plant, Earth Tring Haven, Amber Fire Percussion
33%
Electric Tympa Wublin Supernatural Percussion
33%
Bone, Fire, Earth Uuduk Bone, Nexus Magical Instrumental
33%
Plasma, Shadow, Mech, Poison Vhenshun Workshop, Mech Ethereal Percussion
33%
Echoes of Eco Viveine Shanty, Shugabush, Amber (Aux.) Seasonal Percussion, Vocal
33%
Fire, Water, Cold Whaddle Oasis, Amber Fire Vocal
33%
Plasma, Shadow, Mech, Crystal Whaill Workshop, Plasma Ethereal Vocal
33%
Electric Whajje Wublin Supernatural Vocal
33%
Dream, Mythical Wheezel Mythical Dreamythical Vocal
33%
Plasma, Shadow Whisp Ethereal, Plasma, Shadow, Colossingum Ethereal Vocal
33%
Skypainting Whiz-Bang Shanty, Light (Aux.) Seasonal Percussion
33%
Bone, Earth, Water Withur Bone, Nexus Magical Instrumental
33%
Fire, Air, Cold Woolabee Oasis, Amber Fire Instrumental
33%
Shadow, Crystal, Poison X'rt Workshop, Shadow Ethereal Vocal
33%
Air, Cold, Plant, Fire Yelmut Light, Amber Fire Vocal
33%
Plasma, Shadow, Mech Yooreek Workshop, Shadow, Mech Ethereal Vocal
33%
Psychic, Fire Yuggler Psychic, Nexus Magical Percussion
33%
Fire, Cold, Earth Ziggurab Faerie, Amber Fire Percussion
33%
Electric Zynth Wublin Supernatural Instrumental
33%
Ruin Acordina Bone, Carnival Paranomal Instrumental
17%
Electric Astropod Wublin Supernatural Instrumental
17%
Celestial Attmoz Celestial Celestial Vocal, Instrumental
17%
Plasma, Shadow, Mech, Crystal, Poison BeMeebEth Workshop Ethereal Vocal
17%
Air, Plant, Water, Fire Bisonorus Psychic, Amber Fire Vocal
17%
Celestial Blassoom Celestial Celestial Instrumental
17%
Electric Blipsqueak Wublin Supernatural Vocal
17%
Primordial Air Bogle Mech Primordial Instrumental
17%
Air, Cold, Water, Plant, Fire Bowhead Psychic, Amber Fire Instrumental
17%
Psychic, Light Cahoot Sanctum Magical Vocal
17%
Air, Plant, Earth, Water, Fire Candelavra Haven, Amber Fire Vocal
17%
Dream Cataliszt Mythical Dreamythical Instrumental
17%
Hoax, Ruin Dakktyl Carnival Paranormal Percussion
17%
Psychic, Faerie Deja-Jin Sanctum Magical Vocal
17%
Air, Cold, Plant, Earth, Fire Drummidary Light, Amber Fire Percussion
17%
Electric Dwumrohl Wublin Supernatural Instrumental
17%
Plant, Water, Earth, Fire Edamimi Psychic, Amber Fire Percussion
17%
Psychic, Faerie, Bone, Light Enchantling Sanctum Magical Vocal
17%
Control, Depths eRmA gUrDy Carnival Paranormal Instrumental
17%
Primordial Cold Fandhul Shadow Primordial Percussion, Instrumental
17%
Electric Fleechwurm Wublin Supernatural Instrumental
17%
Air, Water, Earth, Fire Flum Ox Bone, Amber Fire Vocal
17%
Psychic, Bone, Light Frondley Sanctum Magical Vocal
17%
Celestial Furnoss Celestial Celestial Percussion
17%
Celestial Galvana Celestial Celestial Vocal
17%
Electric Gheegur Wublin Supernatural Instrumental
17%
Celestial Glaishur Celestial Celestial Percussion, Vocal
17%
Celestial Hornacle Celestial Celestial Instrumental
17%
Hoax, Ruin, Depths Illoost Carnival Paranormal Instrumental
17%
Control, Hoax, Ruin Jerm Carnival Paranormal Instrumental
17%
Light, Faerie Knucklehead Sanctum Magical Percussion
17%
Dream, Mythical Knurv Mythical Dreamythical Instrumental
17%
Air, Cold, Earth, Fire Krillby Faerie, Amber Fire Instrumental
17%
Psychic, Bone, Faerie Larvaluss Sanctum Magical Instrumental
17%
Celestial Loodvigg Celestial Celestial Percussion
17%
Primordial Plant Lowb Plasma Primordial Percussion, Instrumental
17%
Electric Maulch Wublin Supernatural Vocal
17%
Bone, Light, Faerie Mushaboom Sanctum Magical Percussion
17%
Shadow, Mech, Crystal, Poison Oogiddy Workshop Ethereal Percussion
17%
Bone, Faerie Osstax Sanctum Magical Vocal
17%
Electric Pixolotl Wublin Supernatural Instrumental
17%
Celestial Plixie Celestial Celestial Vocal
17%
Bone, Light Roarick Sanctum Magical Vocal
17%
Celestial Scaratar Celestial Celestial Instrumental
17%
Electric Scargo Wublin Supernatural Percussion
17%
Celestial Syncopite Celestial Celestial Percussion
17%
Electric Thwok Wublin Supernatural Instrumental
17%
Air, Water, Earth, Fire Tiawa Light, Amber Fire Percussion
17%
Celestial Torrt Celestial Celestial Percussion
17%
Air, Cold, Water, Earth, Fire Tuskski Faerie, Amber Fire Instrumental
17%
Celestial Vhamp Celestial Celestial Instrumental
17%
Psychic, Bone Xyster Sanctum Magical Instrumental
17%
Electric Zuuker Wublin Supernatural Instrumental
17%
Plasma, Mech, Crystal, Poison Rhythsmith Workshop Ethereal Percussion
0%
No matching quizzes found
Score Distribution
Percent of People with Each Score
Percentile by Number Answered
Your Score History
You have not taken this quiz since the last reset